Регионална библиотека "Любен Каравелов" - Русе

Педагогика (Запис номер 150730)

MARC детайли
000 -Лидер
Контролно поле с фиксирана дължина 04115nam a2200601 c 4500
003 - Код на организацията, давaща контролен номер
Контролно поле BLK
005 - Дата и час на последна редакция
Контролно поле 20250613171033.0
008 - Елементи от данни с фиксирана дължина
fixed length control field 180410b bul|||||r ||||||| ||bul||
010 ## - Наследен системен номер
LC control number KNG00157068000
020 ## - Международен стандартен номер на книга ISBN
Международен стандартен номер на книга ISBN 978-954-490-327-5
-- издат.: Екс-прес - на том (ч. 1)
040 ## - Източник на каталожния запис
Идентификатор на билиотеката - собственик на записа BLK
041 ## - Код за език
Код за езика на текст/звукозапис или на отделно заглавие Български
Код за езика КДБФ Български
072 #7 - Код за тематичната категория
Код организация bullib
Код за тематична категория Н37
Текст Образование. Педагогика Н
080 ## - УДК
Текстов определител УДК Основи на възпитанието (материални, теоретични, философски и др.). Педагогика
УДК код - определител по УДК 37.01
УДК определител (075.8)
УДК - код + определител 37.01(075.8)
139 ## - Редно поле
Редна дума Педагогика
Авторски знак Пе - П 32
245 10 - Сведения за заглавието
Заглавие Педагогика
Подзаглавни данни Учебник за студенти от Фак. по обществено здраве Мед. унив. - София : Ч. 1 -
Редно поле (дума) авт. на том Теодор Николов Попов; * Сийка Георгиева Чавдарова-Костова; * Лиляна Иванова Тодорова; * Елка Кирилова Янакиева; * Полина Ангелова Балканска; * Магдалена Банчева Александрова; * Людмила Найденова Чакърова; * Силвия Младенова Младенова; * Добриана Александрова Сиджимова; * Рени Георгиева Христова-Коцева; * Ваня Спасова Георгиева; * Христина Танчева Милчева; * Хрисула Атанас Марангу-Недялкова; * Петя Димитрова Трендафилова; * Владислав Динков Господинов; * Гергана Георгиева Петрова.
Том Ч. 1
Заглавие на том Теория на възпитанието
250 ## - Област на изданието
Сведения за изданието 3. доп. и прераб. изд.
257 ## - Страна на издаване
Страна на създаване/издаване България
260 ## - Област на издателските данни
-- Габрово
Година на издаване 2012 -
300 ## - Физическа характеристика
Размери/Мащаб 21 см
380 ## - Жанр
Жанр Обществени науки
500 ## - Общи забележки
Забележка Без сведение за 1. изд., 2. изд. 2007 на изд. Везни.
650 #4 - Допълнително описание по предмет – тема
Основно описание – тема или топоним Педагогика - учебници за ВУЗ
9 (RLIN) 244165
650 #4 - Допълнително описание по предмет – тема
Основно описание – тема или топоним Възпитание - теория - учебници за ВУЗ
9 (RLIN) 249064
653 ## - Ключова дума – ненормативна
Ключова дума възпитание
653 ## - Ключова дума – ненормативна
Ключова дума педагогика
653 ## - Ключова дума – ненормативна
Ключова дума педагогическа психология
653 ## - Ключова дума – ненормативна
Ключова дума учебници за ВУЗ
659 ## - Тематичен бюлетин
Тематичен бюлетин Н
700 1# - Други автори (авторска отговорност)
Лично име Попов, Теодор Николов
Автороска отговорност (Описва отношението между автора и произведението) авт. на том
9 (RLIN) 369112
700 1# - Други автори (авторска отговорност)
Лично име Чавдарова-Костова, Сийка Георгиева
Автороска отговорност (Описва отношението между автора и произведението) *
9 (RLIN) 371947
700 1# - Други автори (авторска отговорност)
Лично име Тодорова, Лиляна Иванова
Автороска отговорност (Описва отношението между автора и произведението) *
9 (RLIN) 372363
700 1# - Други автори (авторска отговорност)
Лично име Янакиева, Елка Кирилова
Автороска отговорност (Описва отношението между автора и произведението) *
9 (RLIN) 380585
700 1# - Други автори (авторска отговорност)
Лично име Балканска, Полина Ангелова
Автороска отговорност (Описва отношението между автора и произведението) *
9 (RLIN) 331088
700 1# - Други автори (авторска отговорност)
Лично име Александрова, Магдалена Банчева
Автороска отговорност (Описва отношението между автора и произведението) *
9 (RLIN) 331089
700 1# - Други автори (авторска отговорност)
Лично име Чакърова, Людмила Найденова
Автороска отговорност (Описва отношението между автора и произведението) *
9 (RLIN) 331090
700 1# - Други автори (авторска отговорност)
Лично име Младенова, Силвия Младенова
Автороска отговорност (Описва отношението между автора и произведението) *
9 (RLIN) 370141
700 1# - Други автори (авторска отговорност)
Лично име Сиджимова, Добриана Александрова
Автороска отговорност (Описва отношението между автора и произведението) *
9 (RLIN) 331091
700 1# - Други автори (авторска отговорност)
Лично име Христова-Коцева, Рени Георгиева
Автороска отговорност (Описва отношението между автора и произведението) *
9 (RLIN) 331092
700 1# - Други автори (авторска отговорност)
Лично име Георгиева, Ваня Спасова
Автороска отговорност (Описва отношението между автора и произведението) *
9 (RLIN) 378057
700 1# - Други автори (авторска отговорност)
Лично име Милчева, Христина Танчева
Автороска отговорност (Описва отношението между автора и произведението) *
9 (RLIN) 380586
700 1# - Други автори (авторска отговорност)
Лично име Марангу-Недялкова, Хрисула Атанас
Автороска отговорност (Описва отношението между автора и произведението) *
9 (RLIN) 92534
700 1# - Други автори (авторска отговорност)
Лично име Трендафилова, Петя Димитрова
Автороска отговорност (Описва отношението между автора и произведението) *
9 (RLIN) 331093
700 1# - Други автори (авторска отговорност)
Лично име Господинов, Владислав Динков
Автороска отговорност (Описва отношението между автора и произведението) *
9 (RLIN) 380587
700 1# - Други автори (авторска отговорност)
Лично име Петрова, Гергана Георгиева
Автороска отговорност (Описва отношението между автора и произведението) *
9 (RLIN) 331094
760 1# - Описание на основната серия
-- - на том (ч. 1)
Издание 3. доп. и прераб. изд.
Място на издаване, издател и година Екс-прес, 2012
Страници - том 328 с.
Забележка - том Библиогр. с. 321-323 и след отд. гл.
Заглавие Ч. 1 Теория на възпитанието
852 ## - Местоположение
Форматна сигнатура Цб 263456
856 4# - Електронен адрес и достъп
Електронен формат pdf - файл
Път до файла /url/
856 4# - Електронен адрес и достъп
Електронен формат pdf - файл
Път до файла /url/
942 ## - АРТИКУЛИ
Вид на библиотечния материал Книги
Скрит в OPAC Не
Koha issues (borrowed), all copies 24
944 ## - СЪЗДАВАНЕ И РЕДАКЦИЯ на ЗАПИСА
Създаване/Редакция Създаване
Дата на регистрацията/редакция 21.02.2014
Статус, дата на статуса Цветомила Тодорова
Служител, извършил регистрацията/редакцията 30576
944 ## - СЪЗДАВАНЕ И РЕДАКЦИЯ на ЗАПИСА
Създаване/Редакция Редакция
Дата на регистрацията/редакция 10.11.2015
Статус, дата на статуса ф /
Служител, извършил регистрацията/редакцията Геновева_Генчева
999 ## - СИСТЕМНИ КОНТРОЛНИ НОМЕРА
Koha biblionumber 150730
Koha biblioitemnumber 150730
Наличности
Код за отписване Код за изгубен артикул Код за повреда Коз за рестрикции Код за отдаване Артикулен № Име на библиотеката - собственик Име на библиотеката, в която се намира в момента Статус (Текущо местоположение) Дата на вписване в системата Местоположение - отдел Цена в лева Инвентарен номер Систематично азбучна сигнатура Баркод Номер на екземпляра Цена в евро Служебна бележка Служебен тип на артикула Източник на класификационната схема
  Не е изгубен Не е повреден без рестрикции ползва се в читалня 251870 Регионална библиотека "Любен Каравелов" Русе Регионална библиотека "Любен Каравелов" Русе Хранилище 2014-02-25 Хранилище 16.00 120000774949 Цб 263456 120000774949 1 8.18 Дост: Dp Вид: Д N: 8 Дата: 25.02.2013 Книги  
  Не е изгубен Не е повреден без рестрикции заемане за дома 251871 Регионална библиотека "Любен Каравелов" Русе Регионална библиотека "Любен Каравелов" Русе Заемна - подръчен фонд 2014-06-23 Заемна - подръчен фонд 16.00 120000778583 П 37.01/П 32 120000778583 2 8.18 Дост: DA Вид: А N: 10 Дата: 23.06.2014 Книги Universal Decimal Classification
Vip Innovations Ltd, Rousse, Bulgaria 2025